Technológie strašia banky. Berú im biznis

Pojem "fintech". Banka v mobile. Dôvera klientov v banky a fintechy. Čo všetko preberajú fintechy bankám.

Enregistré dans:
Détails bibliographiques
Auteur principal: Kláseková, Martina
Autres auteurs: Záborský, Ján
Format: Chapitre de livre
Langue:slovaque
Sujets:
Tags: Ajouter un tag
Pas de tags, Soyez le premier à ajouter un tag!

MARC

LEADER 00000naa a2200000 4500
001 0217151
005 20231113105323.0
041 0 |a slo 
044 |a SK 
245 1 0 |a Technológie strašia banky. Berú im biznis  |c Martina Kláseková, Ján Záborský 
520 |a Pojem "fintech". Banka v mobile. Dôvera klientov v banky a fintechy. Čo všetko preberajú fintechy bankám. 
610 2 0 |a technológie informačné 
610 2 0 |a bankovníctvo elektronické 
610 2 0 |a systémy informačné 
610 2 0 |a start-up 
610 2 0 |a podnikatelia 
610 2 0 |a úver 
610 2 0 |a technológie komunikačné 
100 1 |a Kláseková, Martina 
700 1 |a Záborský, Ján